000 00611nam a22002177a 4500
003 OSt
005 20160109095209.0
008 130702t xxu||||| |||| 00| 0 eng d
020 _a9780071258937
050 _aQA 76.9
_b.B477 2007
082 _aCS 005.12
_bB43 2007
100 _aBentley, Lonnie D.
245 _aSystem analysis and design for the global enterprise
_c Lonnie D. Bentley.
250 _a7th ed.
260 _aBoston :
_bMcGraw-Hill,
_cc2007.
300 _a747 p. :
_c27 cm. :
520 _a1. Systems analysis. 2. System design.
562 _e1
942 _2lcc
_cBK
999 _c3516
_d3516